000 00584nam a2200229Ia 4500
003 OSt
005 20220928141919.0
006 a|||||r|||| 00| 0
007 ta
008 220927b |||||||| |||| 00| 0 eng d
024 _a18307
037 _cTextual
040 _aSDCL
_cSDCL
_beng
041 _2eng
_aeng
082 _aX:89A, L1
100 _aMize Joe H
_9502654
245 0 _aOperations planning and control
260 _c1971
700 _a White Charles R
_9502655
942 _hX:89A, L1
_cTEXL
_2CC
999 _c820561
_d820561